[Event "Solta op 8th"]
[Site "Grohote"]
[Date "2025.07.06"]
[Round "9"]
[White "Mrozowski, Patryk"]
[Black "Mazi, Leon"]
[Result "1/2-1/2"]
[WhiteElo "2245"]
[BlackElo "2288"]
[PlyCount "23"]
[EventDate "2025.06.29"]
[EventType "swiss"]
[EventRounds "9"]
[EventCountry "CRO"]
[SourceTitle "CB28_2025"]
[SourceDate "2025.07.09"]
[SourceVersion "1"]
[SourceVersionDate "2025.07.09"]
[SourceQuality "1"]

1. d4 d5 2. c4 dxc4 3. e4 e5 4. Nf3 exd4 5. Bxc4 Nc6 6. 0-0 Be6 7. Bb5 Bc5 8. Qc2 Bb6 9. Bxc6+ bxc6 10. Qxc6+ Bd7 11. Qc4 Be6 12. Qc6+ 1/2-1/2

[Event "CZE-ch Amateurs"]
[Site "Hluk"]
[Date "2025.05.10"]
[Round "8"]
[White "Mrozowski, Patryk"]
[Black "Shanel, Jaroslav"]
[Result "1-0"]
[WhiteElo "2236"]
[BlackElo "2048"]
[PlyCount "91"]
[EventDate "2025.05.06"]
[EventType "swiss"]
[EventRounds "9"]
[EventCountry "CZE"]
[SourceTitle "CB20_2025"]
[SourceDate "2025.05.14"]
[SourceVersion "1"]
[SourceVersionDate "2025.05.14"]
[SourceQuality "1"]

1. d4 d5 2. Nf3 c6 3. e3 Bg4 4. Bd3 Nd7 5. h3 Bh5 6. b3 Ngf6 7. Bb2 Ne4 8. Nbd2 Nxd2 9. Qxd2 Bxf3 10. gxf3 e6 11. Rg1 a5 12. a4 g6 13. Ke2 Qh4 14. Rh1 Bd6 15. Rag1 f5 16. c4 0-0 17. f4 Nf6 18. f3 Bb4 19. Bc3 Bxc3 20. Qxc3 Nh5 21. Rh2 Qe7 22. Rhg2 Kh8 23. Rg5 b5 24. cxb5 cxb5 25. Qc5 Qd8 26. Rc1 bxa4 27. bxa4 Rb8 28. Bb5 Rb7 29. Qc6 Rg7 30. Kd2 h6 31. Rg2 Qe7 32. Qc5 Qd8 33. Qc6 Qe7 34. Rc5 Kh7 35. Kc3 Qh4 36. Qxe6 Qxh3 37. Rf2 Qh4 38. Re2 Ng3 39. Rg2 Qh1 40. Rc2 Qxf3 41. Kb2 Ne4 42. Rc7 Qxe3 43. Rxg7+ Kxg7 44. Rc7+ Kh8 45. Qe5+ Nf6 46. Qxe3 1-0

[Event "CZE-ch Amateurs"]
[Site "Hluk"]
[Date "2025.05.09"]
[Round "7"]
[White "Bezdek, Tomas"]
[Black "Mrozowski, Patryk"]
[Result "1-0"]
[WhiteElo "2071"]
[BlackElo "2236"]
[PlyCount "141"]
[EventDate "2025.05.06"]
[EventType "swiss"]
[EventRounds "9"]
[EventCountry "CZE"]
[SourceTitle "CB20_2025"]
[SourceDate "2025.05.14"]
[SourceVersion "1"]
[SourceVersionDate "2025.05.14"]
[SourceQuality "1"]

1. d4 d5 2. c4 c6 3. Nf3 Nf6 4. Nbd2 a6 5. g3 g6 6. Bg2 Bg7 7. 0-0 0-0 8. b3 a5 9. Re1 Ne4 10. e3 Bf5 11. Ba3 Nd6 12. Qe2 Na6 13. cxd5 cxd5 14. Ne5 Be6 15. Rec1 Nb4 16. Bb2 Qb6 17. a3 Na6 18. Nd3 Ne4 19. Nxe4 dxe4 20. Bxe4 Bxb3 21. Nc5 Be6 22. Rab1 Ba2 23. Ra1 Nxc5 24. Rxc5 Be6 25. Rb5 Qd6 26. Rxb7 Rab8 27. Rxb8 Rxb8 28. Bc3 Rb3 29. Bxa5 Rxa3 30. Rxa3 Qxa3 31. Qe1 Bf6 32. Kg2 Bc4 33. Bb4 Qa6 34. Qc1 Kg7 35. Qa3 Qe6 36. Bf3 h5 37. h4 Qd7 38. Qa5 Be6 39. Qc5 Bg4 40. Bxg4 hxg4 41. Bc3 Qa4 42. e4 Qa8 43. d5 Bxc3 44. Qxc3+ Kh7 45. Qe5 Qb7 46. Kh2 Qd7 47. Qd4 f6 48. e5 fxe5 49. Qxe5 Kg8 50. Kg2 Kf7 51. f3 gxf3+ 52. Kxf3 Qc8 53. Kf4 Qc1+ 54. Kg4 Ke8 55. Qe6 Qd1+ 56. Kg5 Qh5+ 57. Kf4 Qh6+ 58. Kg4 Qh5+ 59. Kh3 Kf8 60. g4 Qh7 61. d6 exd6 62. Qxd6+ Qe7 63. Qxe7+ Kxe7 64. Kg3 Ke6 65. Kf3 Ke5 66. Ke3 Ke6 67. Ke4 Kf6 68. Kd5 Kf7 69. Ke5 Ke7 70. g5 Kf7 71. Kd6 1-0

[Event "CZE-ch Amateurs Blitz"]
[Site "Hluk"]
[Date "2025.05.09"]
[Round "6"]
[White "Kratochvil, Josef"]
[Black "Mrozowski, Patryk"]
[Result "0-1"]
[WhiteElo "2177"]
[BlackElo "2064"]
[PlyCount "92"]
[EventDate "2025.05.09"]
[EventType "swiss (blitz)"]
[EventRounds "13"]
[EventCountry "CZE"]
[SourceTitle "CB20_2025"]
[SourceDate "2025.05.14"]
[SourceVersion "1"]
[SourceVersionDate "2025.05.14"]
[SourceQuality "1"]

1. e4 c5 2. Nf3 e6 3. d3 a6 4. g3 Be7 5. Bg2 h5 6. h4 d6 7. c3 Nf6 8. Bg5 Ng4 9. a4 Nc6 10. Qe2 e5 11. Na3 Be6 12. Nc4 f6 13. Bd2 b5 14. Ne3 0-0 15. Nd5 Bxd5 16. exd5 Na5 17. Qd1 c4 18. dxc4 bxc4 19. 0-0 Qb6 20. Bc1 Nb3 21. Ra2 Nc5 22. Nd2 Qc7 23. Nxc4 f5 24. Ne3 Rab8 25. b4 Nd7 26. Nxg4 hxg4 27. Rc2 e4 28. Bf4 Bf6 29. Qe2 Ra8 30. c4 Be5 31. Be3 Rfb8 32. c5 Rxb4 33. c6 Nf6 34. Rd1 Rxa4 35. Rc4 Ra5 36. Rb4 Rb8 37. Rdb1 Rxb4 38. Rxb4 Nxd5 39. Qc4 Kh7 40. Rb7 Qc8 41. h5 Nxe3 42. fxe3 d5 43. Qb4 Ra1+ 44. Kh2 Qxc6 45. Qe7 Qh6 46. Qh4 Bf6 0-1

[Event "CZE-ch Amateurs"]
[Site "Hluk"]
[Date "2025.05.07"]
[Round "3"]
[White "Mrozowski, Patryk"]
[Black "Kroulik, Vaclav"]
[Result "1-0"]
[WhiteElo "2236"]
[BlackElo "2097"]
[PlyCount "121"]
[EventDate "2025.05.06"]
[EventType "swiss"]
[EventRounds "9"]
[EventCountry "CZE"]
[SourceTitle "CB20_2025"]
[SourceDate "2025.05.14"]
[SourceVersion "1"]
[SourceVersionDate "2025.05.14"]
[SourceQuality "1"]

1. e4 c5 2. Nf3 a6 3. c3 d6 4. d4 cxd4 5. cxd4 Nf6 6. Nc3 e6 7. Bd3 Nc6 8. 0-0 e5 9. dxe5 dxe5 10. Bc4 Qxd1 11. Rxd1 Bg4 12. Nd5 Nxd5 13. Bxd5 f6 14. Be3 Be7 15. Rac1 Rc8 16. h3 Bd7 17. Nd2 b5 18. a3 Nd8 19. Rxc8 Bxc8 20. Rc1 Kd7 21. Bb6 Bd6 22. b4 Ne6 23. g3 Ke7 24. Nb3 Bd7 25. Bc5 Bxc5 26. Nxc5 Nd4 27. Kg2 Rc8 28. Rb1 Rc7 29. Re1 a5 30. Re3 axb4 31. axb4 Nc2 32. Rb3 Ra7 33. Nd3 Rc7 34. Nc5 Bc8 35. Rb2 Nxb4 36. Rxb4 Rxc5 37. Rb2 f5 38. Ra2 Rc7 39. Ra5 Rc5 40. Ra7+ Bd7 41. Rb7 h6 42. h4 fxe4 43. Bxe4 Kd8 44. Rb8+ Rc8 45. Rb6 Rc4 46. f3 b4 47. Kf2 Kc7 48. Rb7+ Kd6 49. Ke3 Rd4 50. g4 Kc5 51. g5 hxg5 52. hxg5 Bb5 53. Rxg7 b3 54. Rh7 b2 55. Rh1 Kb4 56. g6 Rd7 57. Rg1 Bc4 58. f4 exf4+ 59. Kxf4 Kc3 60. g7 Rf7+ 61. Ke5 1-0

[Event "Titled Tuesday intern op 01st Apr Late"]
[Site "Chess.com INT"]
[Date "2025.04.01"]
[Round "2"]
[White "Da Matta, Eduardo Cesar"]
[Black "Mrozowski, Patryk"]
[Result "0-1"]
[WhiteElo "2047"]
[BlackElo "2220"]
[PlyCount "108"]
[EventDate "2025.04.01"]
[EventType "swiss (blitz)"]
[EventRounds "11"]
[EventCountry "USA"]
[SourceTitle "CB15_2025"]
[SourceDate "2025.04.09"]
[SourceVersion "1"]
[SourceVersionDate "2025.04.09"]
[SourceQuality "1"]

1. d4 c6 2. c4 g6 3. e4 Bg7 4. Nc3 d6 5. Nf3 Nf6 6. Be2 0-0 7. Bg5 Qc7 8. Nd2 e5 9. d5 h6 10. Be3 Na6 11. 0-0 Kh7 12. a3 Nc5 13. b4 Ncd7 14. Rc1 a5 15. c5 axb4 16. axb4 dxc5 17. bxc5 g5 18. d6 Qd8 19. Nc4 Re8 20. Rb1 Nf8 21. Nb6 Ra3 22. Nxc8 Qxc8 23. Qc1 Ra7 24. Qc2 Ne6 25. Bc4 Qd7 26. Ne2 Rea8 27. Bxe6 Qxe6 28. f3 Nd7 29. Rb2 Ra2 30. Rfb1 Rxb2 31. Rxb2 Ra7 32. Ng3 Bf8 33. Nf5 Kg6 34. h3 Bg7 35. Qb1 Bf6 36. Rxb7 Ra3 37. Rc7 Bd8 38. Rxc6 h5 39. Rc8 Bf6 40. c6 Rb3 41. Qc2 Nb6 42. Rg8+ Kh7 43. Rxg5 Bxg5 44. Bxg5 Rb4 45. d7 Nxd7 46. cxd7 Qxd7 47. Qc5 Rb1+ 48. Kh2 Qe8 49. Qd5 Rb5 50. Qd6 Qe6 51. Qf8 Qg6 52. Ne7 Qg7 53. Qd8 Qxg5 54. Qd7 Qf4+ 0-1

[Event "Titled Tuesday intern op 25th Feb Early"]
[Site "Chess.com INT"]
[Date "2025.02.25"]
[Round "2"]
[White "Apoorv, Kamble"]
[Black "Mrozowski, Patryk"]
[Result "1-0"]
[WhiteElo "2264"]
[BlackElo "2225"]
[PlyCount "55"]
[EventDate "2025.02.25"]
[EventType "swiss (blitz)"]
[EventRounds "11"]
[EventCountry "USA"]
[SourceTitle "CB10_2025"]
[SourceDate "2025.03.05"]
[SourceVersion "1"]
[SourceVersionDate "2025.03.05"]
[SourceQuality "1"]

1. e4 c6 2. d4 d5 3. Nd2 dxe4 4. Nxe4 Bf5 5. Ng3 Bg6 6. Bc4 e6 7. N1e2 Nf6 8. 0-0 Bd6 9. f4 0-0 10. f5 exf5 11. Nxf5 Bc7 12. Neg3 Nbd7 13. Bg5 b5 14. Bd3 Re8 15. Qf3 Re6 16. Rae1 Bxg3 17. Qxg3 Qb6 18. Ne7+ Rxe7 19. Rxe7 Qxd4+ 20. Kh1 h6 21. Bxg6 fxg6 22. Bxh6 Ne4 23. Qe1 Ndc5 24. Rxg7+ Kh8 25. Rxg6 Rg8 26. Rxg8+ Kxg8 27. Be3 Qe5 28. Bxc5 1-0

[Event "Titled Tuesday intern op 25th Feb Early"]
[Site "Chess.com INT"]
[Date "2025.02.25"]
[Round "4"]
[White "Koepke, Christian"]
[Black "Mrozowski, Patryk"]
[Result "0-1"]
[WhiteElo "2307"]
[BlackElo "2225"]
[PlyCount "94"]
[EventDate "2025.02.25"]
[EventType "swiss (blitz)"]
[EventRounds "11"]
[EventCountry "USA"]
[SourceTitle "CB10_2025"]
[SourceDate "2025.03.05"]
[SourceVersion "1"]
[SourceVersionDate "2025.03.05"]
[SourceQuality "1"]

1. e4 c5 2. f4 e6 3. Nf3 d5 4. Nc3 Nc6 5. Bb5 d4 6. Bxc6+ bxc6 7. Ne2 Nf6 8. d3 Rb8 9. b3 Be7 10. 0-0 Nd7 11. c3 Qb6 12. Kh1 f6 13. e5 f5 14. Ba3 Ba6 15. cxd4 cxd4 16. Bxe7 Kxe7 17. Nexd4 c5 18. Nc2 Rhd8 19. Ne3 Nf8 20. Nc4 Bxc4 21. bxc4 Ng6 22. Ne1 Rd4 23. Qd2 Rbd8 24. Rc1 h5 25. g3 h4 26. Rf3 Qb7 27. Kg2 h3+ 28. Kxh3 Nh8 29. Kg2 Nf7 30. Kf2 g5 31. Ng2 g4 32. Re3 Rh8 33. Nh4 Rhd8 34. Qc2 Kf8 35. Rb1 Qc6 36. Rb3 Kg7 37. Ng2 Rh8 38. Kg1 Nd8 39. Qb2 Qd7 40. Qc2 Nc6 41. Rb5 Nb4 42. Qc3 Nxd3 43. Qb3 Nb4 44. Rxc5 Rd1+ 45. Re1 Rxe1+ 46. Nxe1 Qd4+ 47. Kg2 Qxc5 0-1

[Event "Titled Tuesday intern op 25th Feb Early"]
[Site "Chess.com INT"]
[Date "2025.02.25"]
[Round "7"]
[White "Mrozowski, Patryk"]
[Black "Sahin, Zeynep Duru"]
[Result "1-0"]
[WhiteElo "2225"]
[BlackElo "1794"]
[PlyCount "91"]
[EventDate "2025.02.25"]
[EventType "swiss (blitz)"]
[EventRounds "11"]
[EventCountry "USA"]
[SourceTitle "CB10_2025"]
[SourceDate "2025.03.05"]
[SourceVersion "1"]
[SourceVersionDate "2025.03.05"]
[SourceQuality "1"]

1. e4 c5 2. Nf3 e6 3. c4 Nc6 4. Nc3 Nf6 5. d4 cxd4 6. Nxd4 Bb4 7. Nxc6 bxc6 8. Bd3 d5 9. cxd5 exd5 10. exd5 cxd5 11. 0-0 Be6 12. Bd2 0-0 13. a3 Bd6 14. h3 Rb8 15. b4 Rb7 16. Re1 Bb8 17. Nb5 Ne4 18. Be3 Qh4 19. Qf3 Re8 20. Rac1 Rbe7 21. Nd4 Be5 22. Nc6 Bd6 23. Nxe7+ Rxe7 24. Bc5 Nxc5 25. bxc5 Bc7 26. Bf5 g6 27. Bxe6 fxe6 28. Qg4 Qf6 29. Rcd1 h5 30. Qf3 Qg7 31. Qe2 d4 32. Qe4 e5 33. Rxd4 Rf7 34. Rd5 Qf6 35. Re2 Kg7 36. Rd3 Qe6 37. Rf3 Rd7 38. Rd3 Rf7 39. c6 Bb6 40. Rd7 Rxd7 41. cxd7 Qxd7 42. Qxe5+ Kg8 43. Qe6+ Qxe6 44. Rxe6 Kf7 45. Rc6 Ke7 46. Rxg6 1-0

[Event "Titled Tuesday intern op 25th Feb Early"]
[Site "Chess.com INT"]
[Date "2025.02.25"]
[Round "3"]
[White "Mrozowski, Patryk"]
[Black "Tisma, Ivan"]
[Result "0-1"]
[WhiteElo "2225"]
[BlackElo "1967"]
[PlyCount "38"]
[EventDate "2025.02.25"]
[EventType "swiss (blitz)"]
[EventRounds "11"]
[EventCountry "USA"]
[SourceTitle "CB10_2025"]
[SourceDate "2025.03.05"]
[SourceVersion "1"]
[SourceVersionDate "2025.03.05"]
[SourceQuality "1"]

1. d4 Nf6 2. Bg5 Ne4 3. Bf4 c5 4. dxc5 Qa5+ 5. c3 Qxc5 6. e3 Nc6 7. Nd2 Nxd2 8. Qxd2 g6 9. Nf3 Bg7 10. h4 h6 11. Bd3 d6 12. e4 Bg4 13. Be3 Qa5 14. Nd4 Ne5 15. Bf1 Rc8 16. f3 Bd7 17. Nb3 Qa4 18. Bd4 0-0 19. g4 Nxf3+ 0-1

[Event "Titled Tuesday intern op 25th Feb Early"]
[Site "Chess.com INT"]
[Date "2025.02.25"]
[Round "6"]
[White "Starozhilov, Leonid"]
[Black "Mrozowski, Patryk"]
[Result "1-0"]
[WhiteElo "2285"]
[BlackElo "2225"]
[PlyCount "117"]
[EventDate "2025.02.25"]
[EventType "swiss (blitz)"]
[EventRounds "11"]
[EventCountry "USA"]
[SourceTitle "CB10_2025"]
[SourceDate "2025.03.05"]
[SourceVersion "1"]
[SourceVersionDate "2025.03.05"]
[SourceQuality "1"]

1. e4 c5 2. Nf3 Nc6 3. Bb5 g6 4. Nc3 Bg7 5. 0-0 Nd4 6. a4 a6 7. Bc4 e6 8. Nxd4 cxd4 9. Ne2 Ne7 10. c3 dxc3 11. dxc3 0-0 12. Be3 d5 13. exd5 exd5 14. Bb3 Be6 15. Bd4 Qd6 16. Bxg7 Kxg7 17. Qd4+ f6 18. Qf4 Qxf4 19. Nxf4 Bf7 20. Rfe1 Rfe8 21. Rad1 Rad8 22. f3 g5 23. Nxd5 Nxd5 24. Rxe8 Rxe8 25. Bxd5 Bxd5 26. Rxd5 Re7 27. Kf2 Kg6 28. Rd6 h5 29. c4 Kf5 30. c5 Ke5 31. b4 Kf5 32. b5 axb5 33. axb5 g4 34. c6 bxc6 35. Rxc6 Re5 36. Rb6 Rc5 37. Kg3 Rc2 38. Rc6 Rb2 39. Rc5+ Kg6 40. fxg4 hxg4 41. Kxg4 Rxg2+ 42. Kh3 Rb2 43. Kg3 f5 44. h4 Rb3+ 45. Kf4 Rb4+ 46. Kg3 Rb3+ 47. Kf4 Rb4+ 48. Ke5 Rxh4 49. Kd6 Rb4 50. Kc6 f4 51. b6 f3 52. Rc3 Rf4 53. b7 f2 54. b8Q f1Q 55. Qg8+ Kf5 56. Qd5+ Kg4 57. Qg8+ Kf5 58. Qf7+ Ke4 59. Qd5# 1-0

[Event "Titled Tuesday intern op 04th Feb Late"]
[Site "Chess.com INT"]
[Date "2025.02.04"]
[Round "2"]
[White "Mrozowski, Patryk"]
[Black "Bogoevski, Jani"]
[Result "1-0"]
[WhiteElo "2225"]
[BlackElo "2144"]
[PlyCount "73"]
[EventDate "2025.02.04"]
[EventType "swiss (blitz)"]
[EventRounds "11"]
[EventCountry "USA"]
[SourceTitle "CB07_2025"]
[SourceDate "2025.02.12"]
[SourceVersion "1"]
[SourceVersionDate "2025.02.12"]
[SourceQuality "1"]

1. d4 Nf6 2. Bf4 d5 3. c3 c5 4. e3 Nc6 5. Nd2 Bf5 6. Ngf3 Qb6 7. Qb3 c4 8. Qxb6 axb6 9. a3 b5 10. h3 b4 11. g4 Bg6 12. Ne5 bxc3 13. bxc3 Ne4 14. Nxe4 Bxe4 15. f3 Bc2 16. Kd2 Bb3 17. e4 e6 18. exd5 exd5 19. Nxc6 bxc6 20. Bg2 Bxa3 21. Bd6 Kd7 22. Bxa3 Ra4 23. Bb4 Rha8 24. Rxa4 Rxa4 25. Ke3 Ra2 26. Rg1 f6 27. Kf4 Rd2 28. Kg3 Rd3 29. Re1 c5 30. dxc5 d4 31. cxd4 Rxd4 32. f4 Rd3+ 33. Bf3 c3 34. c6+ Kc8 35. Re8+ Kc7 36. Ba5+ Kd6 37. Rd8+ 1-0

[Event "Titled Tuesday intern op 04th Feb Early"]
[Site "Chess.com INT"]
[Date "2025.02.04"]
[Round "2"]
[White "Mrozowski, Patryk"]
[Black "Sasvatha, A."]
[Result "1-0"]
[WhiteElo "2225"]
[BlackElo "1760"]
[PlyCount "83"]
[EventDate "2025.02.04"]
[EventType "swiss (blitz)"]
[EventRounds "11"]
[EventCountry "USA"]
[SourceTitle "CB07_2025"]
[SourceDate "2025.02.12"]
[SourceVersion "1"]
[SourceVersionDate "2025.02.12"]
[SourceQuality "1"]

1. d4 d5 2. Bf4 c6 3. e4 dxe4 4. Nc3 Nf6 5. Bc4 Bg4 6. Qd2 e6 7. Bg5 Bf5 8. Nge2 Qb6 9. Bb3 Nbd7 10. Ng3 Bb4 11. 0-0 h6 12. Bf4 Bg6 13. Rfe1 0-0 14. a3 Bxc3 15. bxc3 Rfd8 16. Rab1 Qa5 17. Bd6 c5 18. Be7 Re8 19. Bxf6 Nxf6 20. Qe3 Rac8 21. h4 cxd4 22. cxd4 Qxa3 23. Ra1 Qb4 24. Rxa7 Ra8 25. Rea1 Rxa7 26. Rxa7 Qb6 27. Ra1 Rd8 28. Ra4 h5 29. Ne2 Ng4 30. Qc3 Bf5 31. Ng3 g6 32. f3 exf3 33. gxf3 Nf6 34. Kf2 Qd6 35. Nxf5 exf5 36. Kg2 Qf4 37. Ra7 Qxh4 38. Rxb7 Qg5+ 39. Kf1 Nd5 40. Bxd5 Rxd5 41. Qc7 Qc1+ 42. Ke2 1-0

[Event "Titled Tuesday intern op 04th Feb Early"]
[Site "Chess.com INT"]
[Date "2025.02.04"]
[Round "1"]
[White "Niemann, Hans Moke"]
[Black "Mrozowski, Patryk"]
[Result "1-0"]
[WhiteElo "2734"]
[BlackElo "2225"]
[PlyCount "57"]
[EventDate "2025.02.04"]
[EventType "swiss (blitz)"]
[EventRounds "11"]
[EventCountry "USA"]
[SourceTitle "CB07_2025"]
[SourceDate "2025.02.12"]
[SourceVersion "1"]
[SourceVersionDate "2025.02.12"]
[SourceQuality "1"]

1. e4 c6 2. d4 d5 3. e5 Bf5 4. Nd2 e6 5. Nb3 Nd7 6. Nf3 h5 7. Be2 Rc8 8. 0-0 Be7 9. a4 h4 10. h3 a6 11. a5 c5 12. dxc5 Nxc5 13. c3 Qc7 14. Be3 Bg6 15. Rc1 Nh6 16. c4 Nxb3 17. Qxb3 Qxa5 18. cxd5 Rxc1 19. Rxc1 Qxd5 20. Rc8+ Bd8 21. Bg5 Kd7 22. Bc4 Qe4 23. Rxd8+ Rxd8 24. Qd1+ Kc6 25. Bxd8 Qxc4 26. Qd6+ Kb5 27. Qb6+ Ka4 28. b3+ Qxb3 29. Qa5# 1-0

[Event "Titled Tuesday intern op 04th Feb Late"]
[Site "Chess.com INT"]
[Date "2025.02.04"]
[Round "1"]
[White "Vachier Lagrave, Maxime"]
[Black "Mrozowski, Patryk"]
[Result "1-0"]
[WhiteElo "2729"]
[BlackElo "2225"]
[PlyCount "85"]
[EventDate "2025.02.04"]
[EventType "swiss (blitz)"]
[EventRounds "11"]
[EventCountry "USA"]
[SourceTitle "CB07_2025"]
[SourceDate "2025.02.12"]
[SourceVersion "1"]
[SourceVersionDate "2025.02.12"]
[SourceQuality "1"]

1. e4 c6 2. Nf3 d5 3. e5 Bf5 4. Nd4 e6 5. Nxf5 exf5 6. d4 Nd7 7. Bd3 g6 8. h4 h5 9. c4 dxc4 10. Bxc4 Nb6 11. Bb3 Bb4+ 12. Nc3 Ne7 13. Bg5 Qd7 14. a3 Ba5 15. 0-0 Nbd5 16. Qf3 0-0 17. Rad1 Kh7 18. Ne2 Bb6 19. Ng3 Rh8 20. Nxh5 gxh5 21. Bf6 Kg8 22. Bxd5 cxd5 23. Bxh8 Kxh8 24. Qxh5+ Kg8 25. Qg5+ Kf8 26. h5 Qe6 27. Rd3 Ke8 28. Rc1 Kd7 29. h6 Rh8 30. Rh3 Rh7 31. Qd2 Qg6 32. a4 Nc6 33. b4 a5 34. bxa5 Bxa5 35. Qb2 b6 36. Qb5 Qe6 37. Qa6 Nd8 38. Rg3 Rh8 39. h7 Qe8 40. Qc8+ Ke7 41. Qc7+ Kf8 42. Qd6+ Qe7 43. Rg8+ 1-0

[Event "Titled Tuesday intern op 28th Jan Early"]
[Site "Chess.com INT"]
[Date "2025.01.28"]
[Round "1"]
[White "De Souza, Cristiano Gomes"]
[Black "Mrozowski, Patryk"]
[Result "0-1"]
[WhiteElo "2018"]
[BlackElo "2219"]
[PlyCount "152"]
[EventDate "2025.01.28"]
[EventType "swiss (blitz)"]
[EventRounds "11"]
[EventCountry "USA"]
[SourceTitle "CB06_2025"]
[SourceDate "2025.02.05"]
[SourceVersion "1"]
[SourceVersionDate "2025.02.05"]
[SourceQuality "1"]

1. d4 Nf6 2. c4 e6 3. Nf3 d5 4. Nc3 Bb4 5. Bg5 Nbd7 6. Rc1 c6 7. e3 0-0 8. a3 Be7 9. Bd3 Re8 10. 0-0 h6 11. Bxf6 Nxf6 12. Ne5 Nd7 13. Nxd7 Bxd7 14. b4 a5 15. c5 b6 16. Qe2 e5 17. dxe5 axb4 18. axb4 bxc5 19. b5 c4 20. Bb1 cxb5 21. Nxd5 Bc6 22. Rfd1 Qb8 23. f4 Ba3 24. Rc2 Qa7 25. Ra2 Qc5 26. Qc2 g6 27. Nf6+ Kg7 28. Nxe8+ Rxe8 29. Rd6 Qxe3+ 30. Qf2 Qxf2+ 31. Kxf2 Bxd6 32. exd6 Rd8 33. Ra6 Rxd6 34. Be4 Bxe4 35. Rxd6 b4 36. Rb6 b3 37. Ke3 Bxg2 38. Kd4 Bf1 39. Kc3 Bd3 40. h4 Kf8 41. Ra6 Ke7 42. Rb6 Bf5 43. Kxc4 Be6+ 44. Kc3 Kf6 45. Rb5 Ke7 46. Kb2 Kd6 47. Kc3 Kc6 48. Ra5 Kb6 49. Re5 Kc7 50. Ra5 Kd7 51. Re5 Ke7 52. Ra5 Kf6 53. Rb5 Ke7 54. Ra5 f6 55. Rb5 Kd6 56. Ra5 Bd5 57. Ra6+ Ke7 58. Ra5 Ke6 59. Ra6+ Kf5 60. Rd6 Bf7 61. Kb2 h5 62. Rb6 Bd5 63. Ra6 Be4 64. Rb6 Kxf4 65. Rxf6+ Bf5 66. Kxb3 Kg4 67. Kc3 Kxh4 68. Kd2 Kg3 69. Ke1 Kg2 70. Rf8 h4 71. Rh8 h3 72. Ke2 h2 73. Ke3 h1Q 74. Rxh1 Kxh1 75. Kf4 Kh2 76. Kg5 Kg3 0-1

[Event "Titled Tuesday intern op 21st Jan Late"]
[Site "Chess.com INT"]
[Date "2025.01.21"]
[Round "2"]
[White "Moroni, Luca Jr"]
[Black "Mrozowski, Patryk"]
[Result "0-1"]
[WhiteElo "2545"]
[BlackElo "2219"]
[PlyCount "152"]
[EventDate "2025.01.21"]
[EventType "swiss (blitz)"]
[EventRounds "11"]
[EventCountry "USA"]
[SourceTitle "CB05_2025"]
[SourceDate "2025.01.29"]
[SourceVersion "1"]
[SourceVersionDate "2025.01.29"]
[SourceQuality "1"]

1. d4 d5 2. Bf4 e6 3. e3 Nf6 4. Nf3 Bd6 5. Nbd2 Bxf4 6. exf4 Nbd7 7. c3 0-0 8. Bd3 c5 9. Qe2 b6 10. 0-0 a5 11. Ne5 Qc7 12. Ndf3 c4 13. Bc2 g6 14. g4 Kg7 15. f5 exf5 16. gxf5 Re8 17. Kh1 Nh5 18. fxg6 hxg6 19. Qd2 Nxe5 20. Nxe5 Rh8 21. Rg1 Qe7 22. Rg5 Rh6 23. Rag1 Qf6 24. Qe3 Nf4 25. R1g3 Be6 26. Nf3 Rah8 27. Qe5 Qxe5 28. Rxe5 Rh3 29. Kg1 f6 30. Re1 g5 31. b3 b5 32. Kf1 Kf7 33. bxc4 bxc4 34. Rb1 Ke7 35. Rb7+ Kd6 36. Rb6+ Kd7 37. Ba4+ Ke7 38. Rb7+ Kd6 39. Rb6+ Ke7 40. Ke1 Nd3+ 41. Ke2 Rxg3 42. fxg3 Bg4 43. Ke3 Bxf3 44. Kxf3 Rxh2 45. Bc6 Rxa2 46. Bxd5 Rf2+ 47. Kg4 Nb2 48. Re6+ Kd7 49. Ra6 a4 50. Bc6+ Ke7 51. Bxa4 Rd2 52. Ra7+ Ke6 53. Ra6+ Ke7 54. Bc6 Rd3 55. Kf5 Rxc3 56. Be4 Nd3 57. d5 Nc5 58. d6+ Kd7 59. Rb6 Nxe4 60. Kxe4 Rxg3 61. Kd5 Rd3+ 62. Kc5 c3 63. Rb7+ Kd8 64. Kc6 Ke8 65. Rb8+ Kf7 66. Kd7 c2 67. Rc8 Rd2 68. Rc6 g4 69. Kc8 f5 70. Rc5 Ke6 71. Rc6 Rxd6 72. Rxc2 f4 73. Re2+ Kf5 74. Kc7 Re6 75. Rh2 g3 76. Rh8 Kg4 0-1

[Event "Titled Tuesday intern op 21st Jan Late"]
[Site "Chess.com INT"]
[Date "2025.01.21"]
[Round "1"]
[White "Mrozowski, Patryk"]
[Black "Silva Hernandez, Jesus Arturo"]
[Result "1-0"]
[WhiteElo "2219"]
[BlackElo "1953"]
[PlyCount "77"]
[EventDate "2025.01.21"]
[EventType "swiss (blitz)"]
[EventRounds "11"]
[EventCountry "USA"]
[SourceTitle "CB05_2025"]
[SourceDate "2025.01.29"]
[SourceVersion "1"]
[SourceVersionDate "2025.01.29"]
[SourceQuality "1"]

1. e4 c5 2. Nf3 g6 3. c3 Bg7 4. d4 cxd4 5. cxd4 d5 6. e5 a6 7. h3 Nc6 8. Nc3 e6 9. a3 Nge7 10. Bd3 0-0 11. 0-0 f6 12. exf6 Bxf6 13. Bc2 Nf5 14. Ne2 Qb6 15. Bxf5 exf5 16. b4 Re8 17. Be3 Bd7 18. Rc1 Rac8 19. Rc5 Be6 20. Nf4 Rcd8 21. Nxe6 Rxe6 22. Qb3 Red6 23. Rd1 R6d7 24. Bf4 a5 25. b5 Nxd4 26. Nxd4 Bxd4 27. Rc2 Bf6 28. Rdc1 Qe6 29. Bc7 Rc8 30. Bxa5 Rxc2 31. Rxc2 Kg7 32. Qd3 Qe4 33. Qd1 d4 34. Re2 Qd5 35. Qd3 h6 36. Bb4 Kf7 37. a4 Be7 38. Bd2 Bf6 39. Bxh6 1-0

[Event "Titled Tuesday intern op 14th Jan Early"]
[Site "Chess.com INT"]
[Date "2025.01.14"]
[Round "3"]
[White "Mrozowski, Patryk"]
[Black "Vedant, Nitin Vekhande"]
[Result "0-1"]
[WhiteElo "2219"]
[BlackElo "2167"]
[PlyCount "94"]
[EventDate "2025.01.14"]
[EventType "swiss (blitz)"]
[EventRounds "11"]
[EventCountry "USA"]
[SourceTitle "CB04_2025"]
[SourceDate "2025.01.22"]
[SourceVersion "1"]
[SourceVersionDate "2025.01.22"]
[SourceQuality "1"]

1. d4 Nf6 2. Bf4 d5 3. c3 c5 4. e3 Nc6 5. Nd2 Bf5 6. Qb3 Qb6 7. Ngf3 c4 8. Qxb6 axb6 9. a3 e6 10. h3 h5 11. Ne5 Ne4 12. Nxc6 bxc6 13. f3 Nxd2 14. Kxd2 f6 15. Be2 g5 16. Bc7 b5 17. g4 Bg6 18. f4 Kd7 19. Bb6 Ra6 20. Bc5 Bxc5 21. dxc5 hxg4 22. hxg4 Raa8 23. Bf3 Ke7 24. Ke2 Bd3+ 25. Kf2 e5 26. fxe5 fxe5 27. Kg3 Ke6 28. Rxh8 Rxh8 29. a4 Ra8 30. a5 e4 31. Bg2 b4 32. cxb4 d4 33. exd4 Kd5 34. a6 Kxd4 35. a7 c3 36. bxc3+ Kxc3 37. b5 cxb5 38. c6 b4 39. c7 b3 40. c8Q+ Rxc8 41. a8Q Rxa8 42. Rxa8 b2 43. Rb8 b1Q 44. Rxb1 Bxb1 45. Kf2 Kd2 46. Bf1 e3+ 47. Kf3 Bd3 0-1

[Event "Titled Tuesday intern op 14th Jan Early"]
[Site "Chess.com INT"]
[Date "2025.01.14"]
[Round "2"]
[White "Sjugirov, Sanan"]
[Black "Mrozowski, Patryk"]
[Result "1-0"]
[WhiteElo "2643"]
[BlackElo "2219"]
[PlyCount "47"]
[EventDate "2025.01.14"]
[EventType "swiss (blitz)"]
[EventRounds "11"]
[EventCountry "USA"]
[SourceTitle "CB04_2025"]
[SourceDate "2025.01.22"]
[SourceVersion "1"]
[SourceVersionDate "2025.01.22"]
[SourceQuality "1"]

1. d4 Nf6 2. c4 e6 3. Nf3 d5 4. Nc3 c6 5. Bg5 dxc4 6. e4 b5 7. e5 h6 8. Bh4 g5 9. Nxg5 hxg5 10. Bxg5 Be7 11. exf6 Bxf6 12. Bxf6 Qxf6 13. g3 a5 14. Bg2 Ra7 15. Ne4 Qe7 16. 0-0 Nd7 17. a4 b4 18. Re1 Ba6 19. Rc1 Kd8 20. d5 cxd5 21. Qd4 dxe4 22. Qxa7 Bc8 23. Qxa5+ Ke8 24. Rxc4 1-0